000 01502nam a2200409 c 4500
999 _c33802
_d33802
003 BLK
005 20220211133450.0
008 180408b bul|||||r ||||||| ||bul||
010 _aKNG00036495000
020 _a954-9548-22-8
040 _aBLK
041 _aBUL
_cBUL
072 7 _2bullib
_aК
_xКраезнание
072 7 _2bullib
_aЯ
_xАвтографи
080 _aЦърковна музика. Религиозна музика
_b783
_x.087.68(497.215)(091)
_z783.087.68(497.215)(091)
100 1 _aСтанев, Николай Пенчев
_eпърви автор
_9273255
139 _aСтанев, Николай Пенчев
_bС 68
245 1 0 _aРусенски катедрален хор при храм "Света Троица"
_cНиколай Пенчев Станев.
257 _aBGR
260 _bАвангард принт
_c2000
300 _a84 с.
_bсъс сн.
_c20 см
380 _a7
500 _aОфс. изд. - 500 тир. - Библиогр. с. 83
504 _a83
650 4 _aХорове, църковни - Русе - история
_9273256
653 _aцърковни хорове
653 _aРусе
653 _aистория
653 _aБългария
659 _aК
659 _aЯ
852 _aЦб 208956
852 _aК 78/С 68 Н
856 4 _qpdf
856 4 _qpdf
942 _cKNG
_n0
_s1
944 _aCR
_c08.05.2003
_kИрена_Линкова
944 _aED
_c24.08.2016
_kВиолета_Тройчева
999 _d33802